| 000 | 00678nam a2200241Ia 4500 | ||
|---|---|---|---|
| 003 | OSt | ||
| 005 | 20220926022255.0 | ||
| 006 | a|||||r|||| 00| 0 | ||
| 007 | ta | ||
| 008 | 220923b |||||||| |||| 00| 0 eng d | ||
| 020 | _a9789211045796 | ||
| 037 | _cGeneral Book | ||
| 040 |
_aRTL _cRTL _beng |
||
| 041 |
_2eng _aeng |
||
| 082 | _aX:77, P8/UN | ||
| 100 | _aUNITED NATIONS | ||
| 245 | 0 |
_aNational development strategies _b Policy notes |
|
| 260 |
_aNew York _bUnited Nations _c2008 |
||
| 300 |
_axxv, 349p _ccm. |
||
| 500 | _aNote: With CD; Glossary: p 601-610 | ||
| 942 |
_hX:77, P8/UN _cGB _2CC |
||
| 999 |
_c639053 _d639053 |
||